Mark Twain and philosophy /

Bibliographic Details
Other Authors: Goldman, Alan H., 1945- (Editor)
Format: Book
Language:English
Published: Lanham, Maryland : Rowman & Littlefield, [2017]
Series:Great authors & philosophy.
Subjects:

MARC

Tag First Indicator Second Indicator Subfields
LEADER 00000cam a2200000 i 4500
001 in00003928413
005 20180430074520.0
008 170410t20172017mdu b 001 0 eng c
010 |a  2017012358 
020 |a 9781442261716  |q (pbk. :  |q alk. paper) 
020 |a 1442261714  |q (pbk. :  |q alk. paper) 
020 |z 9781442261723  |q (electronic) 
035 |a (OCoLC)ocn971927803 
040 |a DLC  |e rda  |c DLC  |d UtOrBLW 
049 |a TXAM 
050 0 0 |a PS1342.P5  |b M37 2017 
082 0 0 |a 818/.409  |2 23 
245 0 0 |a Mark Twain and philosophy /  |c edited by Alan H. Goldman. 
264 1 |a Lanham, Maryland :  |b Rowman & Littlefield,  |c [2017] 
264 4 |c ©2017 
300 |a xiv, 247 pages ;  |c 23 cm. 
336 |a text  |b txt  |2 rdacontent 
337 |a unmediated  |b n  |2 rdamedia 
338 |a volume  |b nc  |2 rdacarrier 
490 1 |a Great authors and philosophy 
504 |a Includes bibliographical references and index. 
600 1 0 |a Twain, Mark,  |d 1835-1910  |x Philosophy. 
600 1 0 |a Twain, Mark,  |d 1835-1910  |x Criticism and interpretation. 
650 0 |a Philosophy in literature.  |0 http://id.loc.gov/authorities/subjects/sh85101002 
700 1 |a Goldman, Alan H.,  |d 1945-  |e editor.  |0 http://id.loc.gov/authorities/names/n79001035 
830 0 |a Great authors & philosophy.  |0 http://id.loc.gov/authorities/names/no2016135316 
945 |b 352524 
947 |a A14850260085 
948 |a cataloged  |b h  |c 2018/1/12  |d c  |e dmitchel  |f 9:10:20 am 
994 |a 92  |b TXA 
999 f f |s c8b807d0-a5b7-3bbc-b34c-b8f0d45a30af  |i 490b893c-8004-3bdb-af37-9fc4b7f2ce76  |t 0 
952 f f |p normal  |a Texas A&M University  |b College Station  |c Sterling C. Evans Library  |d Evans: Library Stacks  |t 0  |e PS1342.P5 M37 2017  |h Library of Congress classification  |i unmediated -- volume  |m A14850260085 
998 f f |a PS1342.P5 M37 2017  |t 0  |l Evans: Library Stacks